Esquipulas II: perspectivas de la lucha ideológica /
Guardado en:
| Institution som forfatter: | |
|---|---|
| Format: | Texto |
| Fag: | |
| Tags: |
Tilføj Tag
Ingen Tags, Vær først til at tagge denne postø!
|
MARC
| LEADER | 00000 a a2200000 04500 | ||
|---|---|---|---|
| 001 | 45632 | ||
| 003 | |||
| 040 | |a CRAI/IIS |c CRAI/IIS | ||
| 110 | |a Giraldi, Giulio | ||
| 245 | |a Esquipulas II: perspectivas de la lucha ideológica / |c Giulio Giraldi | ||
| 500 | |a Antes se llamaba: ALAI SERVICIO MENSUAL DE INFORMACION Y DOCUMENTACION | ||
| 650 | |a POLITICA INTERNACIONAL | ||
| 650 | |a ACUERDOS INTERNACIONALES | ||
| 650 | |a PAZ | ||
| 650 | |a AMERICA CENTRAL | ||
| 773 | |g volumen12, número100 (Febrero, 1988), Págs. 17-19 | ||
| 999 | |c 18323 |d 18323 | ||
